- Reznyikov, L. O.: A szemiotika ismeretelméleti kérdései. Leningrádi Egyetem, 1964. 302 p.
Elmentve itt :
| Szerző: | |
|---|---|
| Adatforrás: | Philobibl |
| Forrásdokumentuma: | Magyar Filozófiai Szemle 11 1967/3., 503-509. p. |
| Dokumentumtípus: | Cikk |
| Nyelv: | magyar |
| LEADER | 00353nab a2200097 c 4500 | ||
|---|---|---|---|
| 001 | bibDOK00007693 | ||
| 005 | 20200924120340.2 | ||
| 008 | 060518s1967 hu hun | ||
| 100 | 1 | |a Kis János | |
| 245 | 1 | 0 | |a - Reznyikov, L. O.: A szemiotika ismeretelméleti kérdései. Leningrádi Egyetem, 1964. 302 p. |c Kis János |
| 773 | 0 | |t Magyar Filozófiai Szemle 11 |g 1967/3., 503-509. p. | |